| 000 | 00705nam a2200205 i 4500 | ||
|---|---|---|---|
| 001 | 120196 | ||
| 003 | ES-MaACL | ||
| 005 | 20251012063050.0 | ||
| 007 | t| | ||
| 008 | 070214s1971 cl |||| |dspa d | ||
| 100 | 1 |
_aPérez Vidal, José, _d1907-1990 _9160934 |
|
| 245 | 1 | 4 |
_aLas tres vocaciones de Pérez Galdós / _cJosé Pérez Vidal. |
| 260 |
_aChile : _bUniversidad, Facultad de Filosofía y Educación, _c1971. |
||
| 300 |
_a7 h. ; _c23 cm. |
||
| 595 | _aTirada aparte de: Boletín de filología, t. XXII, 1971, p. 61-75. | ||
| 600 | 1 | 4 |
_aPérez Galdós, Benito, _d1843-1920 _990871 |
| 710 | 2 |
_aUniversidad de Chile. _97162 |
|
| 852 |
_aES-MaACL _j2087-F-10 |
||
| 999 |
_c120196 _d120196 |
||